Регионална библиотека "Любен Каравелов" - Русе

Гръцка митология (Запис номер 40348)

MARC детайли
000 -Лидер
Контролно поле с фиксирана дължина nam a22 a 4500
003 - Код на организацията, давaща контролен номер
Контролно поле BLK
005 - Дата и час на последна редакция
Контролно поле 20221025140555.0
008 - Елементи от данни с фиксирана дължина
fixed length control field 180408b bul|||||r ||||||| ||bul||
010 ## - Наследен системен номер
LC control number KNG00043782000
040 ## - Източник на каталожния запис
Идентификатор на билиотеката - собственик на записа BLK
041 ## - Код за език
Код за езика на текст/звукозапис или на отделно заглавие Български
Код за езика КДБФ Български
080 ## - УДК
Текстов определител УДК Класическа гръцка литература. Старогръцка литература
УДК код - определител по УДК 821.142
УДК определител -34
УДК - код + определител 821.142-34
080 ## - УДК
Текстов определител УДК Класически митологии. Религии на Древна Гърция и Рим, етруска религия. Подразделя се като 291
УДК код - определител по УДК 292
УДК - код + определител 292
139 ## - Редно поле
Редна дума Акритас, Д. В.
Авторски знак Акр - А 42
245 10 - Сведения за заглавието
Заглавие Гръцка митология
Редно поле (дума) подб. и преразк. Д. В. Акритас; прев. от гр. Костас Шаперас; худож. Теодора Стойчева.
250 ## - Област на изданието
Сведения за изданието 2. изд.
257 ## - Страна на издаване
Страна на създаване/издаване Гърция
260 ## - Област на издателските данни
Място на издаване, разпространение и проч. София
Име на издателя, разпространителя и проч. Отечество
Година на издаване 1976
300 ## - Физическа характеристика
Страници 304с.
Илюстрации и др. с ил.
Размери/Мащаб 24 см
380 ## - Жанр
Жанр Худож. лит.
500 ## - Общи забележки
Забележка Ориг. загл. Eliniki mitologis. - 1. изд. 1964.
650 #4 - Допълнително описание по предмет – тема
Основно описание – тема или топоним Митология, гръцка
9 (RLIN) 277159
700 1# - Други автори (авторска отговорност)
Лично име Акритас, Д. В.
Автороска отговорност (Описва отношението между автора и произведението) подб. и преразк.
9 (RLIN) 29878
700 1# - Други автори (авторска отговорност)
Лично име Шаперас, Костас
Автороска отговорност (Описва отношението между автора и произведението) прев. от гр.
9 (RLIN) 142675
700 1# - Други автори (авторска отговорност)
Лично име Стойчева, Теодора
Автороска отговорност (Описва отношението между автора и произведението) худож.
9 (RLIN) 272359
852 ## - Местоположение
Форматна сигнатура Цб 83923
856 4# - Електронен адрес и достъп
Електронен формат pdf - файл
Инструкция (цена за достъп) 0.00
Права за достъп disable
856 4# - Електронен адрес и достъп
Електронен формат pdf - файл
Инструкция (цена за достъп) 0.00
Права за достъп disable
999 ## - СИСТЕМНИ КОНТРОЛНИ НОМЕРА
Koha biblionumber 40348
Koha biblioitemnumber 40348
942 ## - АРТИКУЛИ
Вид на библиотечния материал Книги
Скрит в OPAC Не
Koha issues (borrowed), all copies 3
Периодичен библиозапис Да
944 ## - СЪЗДАВАНЕ И РЕДАКЦИЯ на ЗАПИСА
Създаване/Редакция Създаване
Дата на регистрацията/редакция 02.06.2011
Статус, дата на статуса 02.06.2011 - от С1,Р / 02.06.2011
Служител, извършил регистрацията/редакцията Кети_Илиева
944 ## - СЪЗДАВАНЕ И РЕДАКЦИЯ на ЗАПИСА
Създаване/Редакция Редакция
Дата на регистрацията/редакция 29.03.2018
Статус, дата на статуса 02.06.2011 - от С1,Р / 02.06.2011
999 ## - СИСТЕМНИ КОНТРОЛНИ НОМЕРА
Koha biblioitemnumber 40348
Наличности
Код за отписване Код за изгубен артикул Източник на класификационната схема Код за повреда Коз за рестрикции Код за отдаване Артикулен № Име на библиотеката - собственик Име на библиотеката, в която се намира в момента Статус (Текущо местоположение) Дата на вписване в системата Местоположение - отдел Цена в лева Инвентарен номер Систематично азбучна сигнатура Баркод Номер на екземпляра Цена в евро Служебна бележка Служебен тип на артикула Бележка за публиката
  Не е изгубен Universal Decimal Classification Не е повреден само за читалня ползва се в читалня 63089 Регионална библиотека "Любен Каравелов" Русе Регионална библиотека "Любен Каравелов" Русе Хранилище 1976-01-01 Хранилище 1.58 219103 Цб 83923 120000219103 1 0.81 Вид: Сф Дата: 01.01.1976 Книги  
Изтеглен Не е изгубен   Не е повреден без рестрикции заемане за дома 63090 Регионална библиотека "Любен Каравелов" Русе Регионална библиотека "Любен Каравелов" Русе   1976-01-01 Заемна - подръчен фонд 1.58 219626 П 875-34/А 42 219626 2 0.81 Вид: Сф Дата: 01.01.1976 Книги Отч.N: 30/2018 , Дата: 28.03.2018
Изтеглен Не е изгубен Universal Decimal Classification Не е повреден без рестрикции заемане за дома 63091 Регионална библиотека "Любен Каравелов" Русе Регионална библиотека "Любен Каравелов" Русе Заемна - подръчен фонд 1976-01-01 Заемна - подръчен фонд 1.58 219628 П 875-34/А 42 219628 3 0.81 Вид: Сф Дата: 01.01.1976 Дата инв: 09.02.2018 Бележки инв: П2018 Книги  
Изтеглен Не е изгубен   Не е повреден без рестрикции заемане за дома 63092 Регионална библиотека "Любен Каравелов" Русе Регионална библиотека "Любен Каравелов" Русе   1976-01-01 Заемна - подръчен фонд 1.58 219631 П 875-34/А 42 219631 4 0.81 Вид: Сф Дата: 01.01.1976 Книги Отч.N: 30/2018 , Дата: 28.03.2018
Изтеглен Не е изгубен Universal Decimal Classification Не е повреден без рестрикции заемане за дома 63093 Регионална библиотека "Любен Каравелов" Русе Регионална библиотека "Любен Каравелов" Русе Детски отдел 1976-01-01 Детски отдел 1.58 219510 ДХ 820/899/А 42 219510 5 0.81 Вид: Сф Дата: 01.01.1976 Дата инв: 03.08.2015 Бележки инв: Д2015 Книги  
Изтеглен Не е изгубен   Не е повреден само за читалня Специални фондове ( старопечатни, редки и ценни, фонд М. Арнаудов) 63094 Регионална библиотека "Любен Каравелов" Русе Регионална библиотека "Любен Каравелов" Русе Отчислена 1976-01-01 Отчислена 0.00 219625 П 875-34/А 42 219625 6 0.00 Вид: Сф Дата: 01.01.1976 Книги  
Vip Innovations Ltd, Rousse, Bulgaria 2025